|
|
|
|
| LEADER |
00991nam a22001817a 4500 |
| 082 |
|
|
|a 894.M1
|b SUD/A N2
|
| 100 |
|
|
|a ജി സുധാകരന് നായര്
|9 290947
|
| 100 |
|
|
|a G Sudhakaran Nair
|9 290948
|
| 240 |
|
|
|a Arshadarsanam Ulloor Kavithayil
|
| 245 |
|
|
|a ആര്ഷദര്ശനം ഉള്ളൂര്ക്കവിതയില്
|
| 260 |
|
|
|a Trivandrum;
|b Govt. Women's College;
|c 1992
|
| 300 |
|
|
|a 124p.
|
| 650 |
|
|
|a മലയാളം; പ്രബന്ധം പദ്യം, കവിത, പാട്ടുകള്
|9 290949
|
| 650 |
|
|
|a Malayalam; Thesis Poetry
|9 290950
|
| 942 |
|
|
|c BK
|
| 999 |
|
|
|c 58855
|d 58855
|
| 952 |
|
|
|0 0
|1 0
|4 0
|6 894_000000000000000_M1_SUD_A_N2
|7 0
|8 MPhil
|9 70412
|a MAL
|b MAL
|d 2016-07-29
|e T999332
|l 0
|o 894.M1 SUD/A N2
|p MALT999332
|r 2016-07-29
|t 1
|w 2016-07-29
|y MD
|
| 952 |
|
|
|0 0
|1 0
|4 0
|6 894_000000000000000_M1_SUD_A_N21
|7 0
|8 MPhil
|9 70413
|a MAL
|b MAL
|c STAFF
|d 2016-11-17
|e 207
|l 0
|o 894.M1 SUD/A N2;1
|p MAL000207
|r 2016-11-17
|t 2
|w 2016-11-17
|y MD
|